Nintendo Power Covers #1-50 - Statistics

General Stats
  • This quiz has been taken 400 times
  • The average score is 20 of 50
Answer Stats
# Video Game % Correct
1 Super Mario Bros. 2
100%
41 Super Mario Kart
100%
39 Mario Paint
99%
11 Super Mario Bros. 3
99%
13 Super Mario Bros. 3
99%
28 Super Mario World
99%
34 The Legend of Zelda: A Link to the Past
88%
50 The Legend of Zelda: Link's Awakening
88%
4 Zelda II: The Adventure of Link
88%
31 Metroid II
72%
2 Castlevania II: Simon's Quest
60%
32 Super Castlevania IV
60%
7 Mega Man II
57%
20 Mega Man III
57%
27 Mega Man in Dr. Wily's Revenge
57%
9 Tetris
47%
17 Final Fantasy
45%
30 Final Fantasy II
45%
47 Star Fox
42%
12 Super C
39%
49 Battletoads & Double Dragon
37%
33 Teenage Mutant Ninja Turtles III: The Manhattan Project
36%
38 Street Fighter II
34%
6 Teenage Mutant Ninja Turtles
33%
5 Ninja Gaiden
32%
15 Ninja Gaiden II: The Dark Sword of Chaos
31%
25 Battletoads
28%
18 Dr. Mario
25%
10 Batman
24%
48 Batman Returns
24%
8 DuckTales
23%
21 StarTropics
19%
42 Super Star Wars
18%
3 Track & Field II
16%
14 Chip 'n Dale Rescue Rangers
15%
35 WWF Super Wrestlemania
15%
44 Magical Quest Starring Mickey Mouse
12%
16 Maniac Mansion
12%
36 Darkwing Duck
11%
23 Power Blade
11%
24 Vice: Project Doom
11%
29 Star Trek
10%
19 4-Player Extra
9%
40 Felix the Cat
9%
37 Lemmings
9%
22 Metal Storm
9%
43 Road Runner's Death Valley Rally
9%
26 Robin Hood: Prince of Thieves
9%
45 The Addams Family: Pugsley's Scavenger Hunt
9%
46 Tiny Toon Adventures: Buster Busts Loose
7%
No matching quizzes found
Score Distribution
Percent of People with Each Score
Percentile by Number Answered
Your Score History
You have not taken this quiz